Los Estudios sobre Vicente Rocafuerte

Uloženo v:
Podrobná bibliografie
Hlavní autor: Landázuri Camacho, Carlos
Médium: Text
Vydáno: Quito :
Tagy: Přidat tag
Žádné tagy, Buďte první, kdo vytvoří štítek k tomuto záznamu!

MARC

LEADER 00000 a a2200000 04500
001 24376
003
040
090 |a 172800  
100 |a Landázuri Camacho, Carlos  
245 |a Los Estudios sobre Vicente Rocafuerte  
260 |a Quito :  
300 |a pp. 211-240  
999 |c 10237  |d 10237